[Event "Rhein Main op-A 18th"]
[Site "Bad Homburg"]
[Date "2015.06.04"]
[Round "2"]
[White "Chandler, Patrick"]
[Black "Tierling, Detlef"]
[Result "1/2-1/2"]
[WhiteElo "2171"]
[BlackElo "2003"]
[PlyCount "129"]
[EventDate "2015.06.03"]
[EventType "swiss"]
[EventRounds "7"]
[EventCountry "GER"]
[SourceTitle "CBM 167 Extra"]
[Source "ChessBase"]
[SourceDate "2015.09.14"]
[SourceVersion "1"]
[SourceVersionDate "2015.09.14"]
[SourceQuality "1"]

1. Nf3 d5 2. b4 c6 3. e3 Bg4 4. Bb2 Nd7 5. a3 Ngf6 6. Be2 Bxf3 7. Bxf3 e6 8. d3 Bd6 9. c4 0-0 10. Nd2 Be5 11. d4 Bc7 12. Qb3 b5 13. cxb5 cxb5 14. Qd3 Rb8 15. Nb3 Nb6 16. Nc5 Nc4 17. Bc3 Re8 18. 0-0 Qd6 19. g3 h5 20. e4 dxe4 21. Nxe4 Nxe4 22. Qxe4 g6 23. Rfd1 Qe7 24. a4 Nd6 25. Qd3 bxa4 26. Rxa4 Bb6 27. Bc6 Red8 28. b5 Nf5 29. Qf3 Rbc8 30. d5 exd5 31. Re1 Qc5 32. Bf6 Rd6 33. Bg5 Rdxc6 34. bxc6 Rxc6 35. Ra2 Re6 36. Rc1 Qb5 37. Rc8+ Kh7 38. Rc1 Kg7 39. Kg2 d4 40. Bf4 d3 41. Bd2 Rf6 42. Bc3 Bd4 43. Qe4 Bxc3 44. Rxc3 Qb1 45. Rd2 h4 46. Qxd3 Qb7+ 47. Qd5 Qb1 48. Rd1 Qb2 49. Qd2 Qb7+ 50. f3 Rd6 51. Rd3 Rxd3 52. Qxd3 hxg3 53. hxg3 Qb2+ 54. Rd2 Qb8 55. Qc3+ Kh7 56. f4 Qb7+ 57. Qf3 Qb6 58. Kh2 Qe6 59. Qd5 Qf6 60. Qe5 Qb6 61. Qd5 Qf6 62. Qc5 a6 63. Qf8 Ne3 64. Qd6 Qa1 65. Re2 1/2-1/2

[Event "Rhein Main op-A 18th"]
[Site "Bad Homburg"]
[Date "2015.06.04"]
[Round "3"]
[White "Tierling, Detlef"]
[Black "Kaiser, Richard1111"]
[Result "0-1"]
[WhiteElo "2003"]
[BlackElo "2167"]
[PlyCount "132"]
[EventDate "2015.06.03"]
[EventType "swiss"]
[EventRounds "7"]
[EventCountry "GER"]
[SourceTitle "CBM 167 Extra"]
[Source "ChessBase"]
[SourceDate "2015.09.14"]
[SourceVersion "1"]
[SourceVersionDate "2015.09.14"]
[SourceQuality "1"]

1. f4 g6 2. Nf3 Bg7 3. c3 d5 4. e3 Nh6 5. Qc2 0-0 6. d4 Bf5 7. Bd3 Nd7 8. Bxf5 Nxf5 9. g4 Nd6 10. Nbd2 Nf6 11. g5 Nfe4 12. Nxe4 Nxe4 13. Nd2 Nd6 14. Nf1 f6 15. h4 e5 16. gxf6 Bxf6 17. dxe5 Bxh4+ 18. Ke2 Nf5 19. Bd2 Qd7 20. Be1 Be7 21. Rd1 Qb5+ 22. Kf3 c6 23. Ng3 Nxg3 24. Bxg3 Rf7 25. Rh6 Bf8 26. Rh3 Re8 27. Kg2 Qc5 28. Qd3 Qb6 29. b4 a5 30. Rdh1 Re6 31. a3 axb4 32. axb4 Qa7 33. Bf2 Qa2 34. Rf3 b5 35. Rhh3 Qc4 36. Qd4 Qxd4 37. exd4 Re8 38. Bh4 Rf5 39. Rh1 Ra8 40. Re1 Kf7 41. e6+ Ke8 42. e7 Bh6 43. Kg3 Ra3 44. Re6 Bxf4+ 45. Kh3 Ra1 46. Kg2 g5 47. Bg3 Ra2+ 48. Kf1 Rc2 49. Rxc6 Kxe7 50. Rb6 Rf8 51. Bxf4 Rxf4 52. Rxf4 gxf4 53. Rxb5 Ke6 54. Rc5 h5 55. Rc6+ Kf5 56. b5 h4 57. Rd6 Ke4 58. Rh6 Kf3 59. Ke1 Kg3 60. Rg6+ Kf3 61. Rh6 Ke3 62. Kd1 Rxc3 63. Rxh4 Rb3 64. Kc2 Rxb5 65. Kc3 Rb8 66. Rh5 Rc8+ 0-1

[Event "Rhein Main op-A 18th"]
[Site "Bad Homburg"]
[Date "2015.06.03"]
[Round "1"]
[White "Tierling, Detlef"]
[Black "Heinemann, Josefine"]
[Result "1-0"]
[WhiteElo "2003"]
[BlackElo "2311"]
[PlyCount "79"]
[EventDate "2015.06.03"]
[EventType "swiss"]
[EventRounds "7"]
[EventCountry "GER"]
[SourceTitle "CBM 167 Extra"]
[Source "ChessBase"]
[SourceDate "2015.09.14"]
[SourceVersion "1"]
[SourceVersionDate "2015.09.14"]
[SourceQuality "1"]

1. b3 e5 2. Bb2 d6 3. e3 g6 4. c4 Bg7 5. Nc3 Ne7 6. Nf3 0-0 7. d4 Nbc6 8. d5 Nb8 9. Qd2 f5 10. g3 Nd7 11. Be2 a5 12. h4 Nf6 13. 0-0-0 Bd7 14. a4 Ng4 15. Rdf1 c6 16. h5 gxh5 17. Rxh5 Nf6 18. Rh4 Ng6 19. Rh2 Qb6 20. Bd1 Qc5 21. dxc6 bxc6 22. Bc2 d5 23. cxd5 Nxd5 24. Nxd5 cxd5 25. Rfh1 h6 26. Rxh6 Bxh6 27. Rxh6 Be8 28. Nxe5 Ra6 29. Kb1 Rff6 30. Nxg6 Rxg6 31. Rh8+ Kf7 32. Bxf5 Rh6 33. Qd3 Rac6 34. Rxh6 Rxh6 35. Bh3 Kg8 36. Bf5 Bc6 37. Ka2 Qb4 38. Qe2 Rh1 39. Be6+ Kh7 40. Qc2+ 1-0

[Event "Frankfurt-chA"]
[Site "Frankfurt"]
[Date "2013.05.27"]
[Round "4"]
[White "Tierling, Detlef"]
[Black "Stock, Juergen"]
[Result "1-0"]
[WhiteElo "2033"]
[BlackElo "1936"]
[PlyCount "119"]
[EventDate "2013.04.29"]
[EventType "swiss"]
[EventRounds "7"]
[EventCountry "GER"]
[SourceTitle "EXT 2014"]
[Source "ChessBase"]
[SourceDate "2013.11.20"]
[SourceVersion "1"]
[SourceVersionDate "2013.11.20"]
[SourceQuality "1"]

1. d4 e6 2. c4 f5 3. Nc3 d5 4. Bf4 Nf6 5. e3 b6 6. Nf3 Bb7 7. Qb3 Be7 8. Rc1 c6 9. Bd3 0-0 10. 0-0 Ne4 11. cxd5 exd5 12. Bxe4 fxe4 13. Nxe4 Nd7 14. Nc5 Nxc5 15. dxc5 Ba6 16. cxb6 Bxf1 17. b7 Bc4 18. bxa8Q Qxa8 19. Qc2 c5 20. Bg3 Ba6 21. Qa4 Qb7 22. b3 Bb5 23. Qa5 Bd8 24. Qc3 Be7 25. Qe5 h6 26. Qe6+ Kh7 27. Bd6 Bxd6 28. Qxd6 Rc8 29. Ne5 c4 30. Qg6+ Kg8 31. Qe6+ Kh7 32. Qf5+ Kg8 33. Ng6 Re8 34. h4 Bd7 35. Qc2 Be6 36. h5 Rb8 37. Qc3 cxb3 38. axb3 Qxb3 39. Qe5 Re8 40. Rc7 Bf7 41. Qf5 Be6 42. Qe5 Qb1+ 43. Kh2 Bf7 44. Qg3 a5 45. Ne7+ Kf8 46. Qd6 Qb4 47. Ng6+ Kg8 48. Qxb4 axb4 49. Rb7 Re4 50. Rb8+ Be8 51. Nf4 Kf7 52. Rb7+ Kf8 53. Kg3 Bc6 54. Rc7 Rc4 55. Ne6+ Ke8 56. Nxg7+ Kd8 57. Ne6+ Ke8 58. Nd4 Kd8 59. Rxc6 b3 60. Rb6 1-0

[Event "Frankfurt-chA"]
[Site "Frankfurt"]
[Date "2012.06.11"]
[Round "6"]
[White "Kolker, Vladislav"]
[Black "Tierling, Detlef"]
[Result "1/2-1/2"]
[WhiteElo "1870"]
[BlackElo "1942"]
[PlyCount "68"]
[EventDate "2012.04.30"]
[EventType "swiss"]
[EventRounds "7"]
[EventCountry "GER"]
[SourceTitle "EXT 2013"]
[Source "ChessBase"]
[SourceDate "2012.11.22"]
[SourceVersion "1"]
[SourceVersionDate "2012.11.22"]
[SourceQuality "1"]

1. e4 e6 2. d3 d5 3. Nd2 Nf6 4. Ngf3 dxe4 5. dxe4 b6 6. Bb5+ c6 7. Bd3 Bb7 8. 0-0 Nbd7 9. Re1 Qc7 10. Nc4 h6 11. a4 0-0-0 12. e5 Nd5 13. c3 Nc5 14. Bf1 Nxc3 15. Qc2 Nd5 16. Bd2 a5 17. Rec1 Kb8 18. Nd6 Bxd6 19. exd6 Rxd6 20. Bxa5 bxa5 21. Qxc5 Rhd8 22. Ne5 Nb4 23. Qe3 Rd5 24. Nc4 g5 25. g3 f5 26. Qxe6 f4 27. Qxh6 fxg3 28. hxg3 Qf7 29. Be2 Rd2 30. Nxd2 Rxd2 31. Qxg5 Rxe2 32. Qd8+ Bc8 33. Qb6+ Bb7 34. Qd8+ Bc8 1/2-1/2

[Event "Rhein Main op-A 14th"]
[Site "Bad Homburg"]
[Date "2011.06.25"]
[Round "6"]
[White "Schupp, Uwe"]
[Black "Tierling, Detlef"]
[Result "1-0"]
[WhiteElo "2124"]
[BlackElo "2033"]
[PlyCount "89"]
[EventDate "2011.06.22"]
[EventType "swiss"]
[EventRounds "7"]
[EventCountry "GER"]
[SourceTitle "EXT 2012"]
[Source "ChessBase"]
[SourceDate "2011.11.24"]
[SourceVersion "1"]
[SourceVersionDate "2011.11.24"]
[SourceQuality "1"]

1. g3 c6 2. Nf3 g6 3. Bg2 Bg7 4. c4 Nf6 5. 0-0 0-0 6. d3 d5 7. Qc2 dxc4 8. Qxc4 Nbd7 9. Qc2 Re8 10. Nc3 e5 11. Rb1 Nf8 12. b4 Bd7 13. Nd2 Rc8 14. Nc4 Qe7 15. b5 Ne6 16. Ba3 Nd4 17. Bxe7 Nxc2 18. Bxf6 Bxf6 19. Nd6 Nd4 20. Nxe8 Bxe8 21. e3 cxb5 22. Nd5 Ne2+ 23. Kh1 Kg7 24. Nxf6 Kxf6 25. Rb2 Nc3 26. Rc1 Bc6 27. a3 Nd5 28. Rxb5 Bxb5 29. Rxc8 Ke6 30. d4 exd4 31. exd4 b6 32. Kg1 a5 33. Bf1 Bd7 34. Rb8 Kd6 35. Bc4 Kc7 36. Rf8 Be6 37. Bb5 Nc3 38. Bd3 b5 39. Ra8 Kb6 40. Kf1 Bc4 41. Bxc4 bxc4 42. Rc8 Nb5 43. d5 c3 44. a4 Kb7 45. Rc5 1-0

[Event "Rhein Main op-A 14th"]
[Site "Bad Homburg"]
[Date "2011.06.24"]
[Round "4"]
[White "Barthel, Ansgar"]
[Black "Tierling, Detlef"]
[Result "1-0"]
[WhiteElo "2224"]
[BlackElo "2033"]
[PlyCount "93"]
[EventDate "2011.06.22"]
[EventType "swiss"]
[EventRounds "7"]
[EventCountry "GER"]
[SourceTitle "EXT 2012"]
[Source "ChessBase"]
[SourceDate "2011.11.24"]
[SourceVersion "1"]
[SourceVersionDate "2011.11.24"]
[SourceQuality "1"]

1. e4 c5 2. Nf3 e6 3. d4 cxd4 4. Nxd4 Nf6 5. Nc3 Bb4 6. Ndb5 Nxe4 7. Qg4 Bxc3+ 8. bxc3 a6 9. Qxg7 Rf8 10. Bh6 Ke7 11. Nd6 Kxd6 12. Qxf8+ Qxf8 13. Bxf8+ Kc7 14. c4 d6 15. Rd1 d5 16. f3 Nf6 17. cxd5 exd5 18. Bd3 Be6 19. g4 Nbd7 20. Bh6 Nc5 21. Be3 Nxd3+ 22. cxd3 Re8 23. Bf4+ Kd7 24. Kf2 Rc8 25. Rc1 Rc6 26. Rxc6 Kxc6 27. Rc1+ Kb5 28. Rb1+ Kc6 29. Be5 Nd7 30. Bd4 b5 31. Kg3 Kd6 32. Kf4 Nc5 33. Bxc5+ Kxc5 34. Kg5 b4 35. d4+ Kc4 36. Kh6 a5 37. h4 Kxd4 38. Kxh7 Ke3 39. Rb3+ Ke2 40. h5 d4 41. Rb2+ Ke3 42. Kg7 d3 43. h6 d2 44. Rxd2 Kxd2 45. h7 Bxa2 46. h8Q a4 47. Qh2+ 1-0

[Event "Rhein Main op-A 14th"]
[Site "Bad Homburg"]
[Date "2011.06.23"]
[Round "2"]
[White "Schmid, Roland"]
[Black "Tierling, Detlef"]
[Result "1-0"]
[WhiteElo "2003"]
[BlackElo "2033"]
[PlyCount "59"]
[EventDate "2011.06.22"]
[EventType "swiss"]
[EventRounds "7"]
[EventCountry "GER"]
[SourceTitle "EXT 2012"]
[Source "ChessBase"]
[SourceDate "2011.11.24"]
[SourceVersion "1"]
[SourceVersionDate "2011.11.24"]
[SourceQuality "1"]

1. Nf3 d5 2. d4 e6 3. c4 dxc4 4. e3 c6 5. Bxc4 b5 6. Bd3 a5 7. 0-0 Bb7 8. Nbd2 Nf6 9. e4 h5 10. a4 b4 11. Nc4 Nbd7 12. e5 Nd5 13. Ng5 N7b6 14. Ne4 Nxc4 15. Bxc4 Qd7 16. Bg5 Nb6 17. Be2 Ba6 18. Bxa6 Rxa6 19. b3 Nc8 20. Rc1 Be7 21. Bxe7 Qxe7 22. Qd3 Rb6 23. Rc5 Qa7 24. Rfc1 Qa8 25. Qf3 Ke7 26. Ng5 Rf8 27. Rxc6 Rxc6 28. Rxc6 Qa7 29. Rxc8 Qxd4 30. Qb7+ 1-0

[Event "Frankfurt-ch"]
[Site "Frankfurt"]
[Date "2011.05.02"]
[Round "1"]
[White "Kraus, Roman"]
[Black "Tierling, Detlef"]
[Result "0-1"]
[WhiteElo "1504"]
[BlackElo "2036"]
[PlyCount "96"]
[EventDate "2011.05.02"]
[EventType "swiss"]
[EventRounds "7"]
[EventCountry "GER"]
[SourceTitle "EXT 2012"]
[Source "ChessBase"]
[SourceDate "2011.11.24"]
[SourceVersion "1"]
[SourceVersionDate "2011.11.24"]
[SourceQuality "1"]

1. d4 b6 2. c4 Bb7 3. Nc3 f5 4. Bf4 Nf6 5. e3 e6 6. a3 d6 7. Nf3 h6 8. h3 Nbd7 9. Be2 a6 10. Nh4 h5 11. Ng6 Rh7 12. 0-0 Kf7 13. Nxf8 Qxf8 14. Rc1 h4 15. Bf3 c6 16. e4 e5 17. dxe5 dxe5 18. Bg5 f4 19. Bxf6 Nxf6 20. Qb3 Kg8 21. Qxb6 g5 22. Rfd1 Re8 23. c5 g4 24. Bxg4 Nxg4 25. hxg4 f3 26. Rd3 fxg2 27. Rh3 Qf4 28. Qb3+ Kh8 29. Qd1 Bc8 30. f3 Rg8 31. Rc2 Qe3+ 32. Kxg2 Qf4 33. Qe2 Bxg4 34. fxg4 Rxg4+ 35. Kh1 Rhg7 36. Qf2 Qg5 37. Qf8+ Rg8 38. Qf3 Rf4 39. Qg2 Qh6 40. Qe2 Rgg4 41. Rf3 Rg3 42. Rxf4 exf4 43. Qd2 Rh3+ 44. Kg2 Qg5+ 45. Kf1 Rf3+ 46. Ke2 Qg2+ 47. Kd1 Rf1+ 48. Qe1 Rxe1+ 0-1

[Event "Rhein Main op 12th"]
[Site "Bad Homburg"]
[Date "2009.06.13"]
[Round "5"]
[White "Feldtmann, Thomas"]
[Black "Tierling, Detlef"]
[Result "1-0"]
[WhiteElo "2232"]
[BlackElo "1992"]
[PlyCount "49"]
[EventDate "2009.06.10"]
[EventType "swiss"]
[EventRounds "7"]
[EventCountry "GER"]
[SourceTitle "CBM 131 Extra"]
[Source "ChessBase"]
[SourceDate "2009.09.03"]
[SourceVersion "2"]
[SourceVersionDate "2009.09.16"]
[SourceQuality "1"]

1. e4 e6 2. d3 d5 3. Nd2 c5 4. Ngf3 Nc6 5. g3 Nf6 6. Bg2 Be7 7. 0-0 0-0 8. Re1 d4 9. e5 Nd7 10. h4 Qc7 11. Qe2 b5 12. Nf1 Bb7 13. N1h2 Rae8 14. Bf4 Qd8 15. Ng5 h6 16. Qh5 hxg5 17. hxg5 g6 18. Qh6 Ndxe5 19. Rxe5 Nxe5 20. Bxe5 f6 21. Qxg6+ Kh8 22. Qh6+ Kg8 23. g6 Rf7 24. gxf7+ Kxf7 25. Qh7+ 1-0

[Event "Rhein Main op 12th"]
[Site "Bad Homburg"]
[Date "2009.06.12"]
[Round "4"]
[White "Tierling, Detlef"]
[Black "Overbeck, Thorsten"]
[Result "1-0"]
[WhiteElo "1992"]
[BlackElo "2218"]
[PlyCount "125"]
[EventDate "2009.06.10"]
[EventType "swiss"]
[EventRounds "7"]
[EventCountry "GER"]
[SourceTitle "CBM 131 Extra"]
[Source "ChessBase"]
[SourceDate "2009.09.03"]
[SourceVersion "2"]
[SourceVersionDate "2009.09.16"]
[SourceQuality "1"]

1. d4 d5 2. Nf3 Nf6 3. e3 Bf5 4. b3 e6 5. a3 Nbd7 6. Bb2 c6 7. Nbd2 Bd6 8. Ne5 Bxe5 9. dxe5 Ng4 10. Nf3 Qc7 11. h3 Ngxe5 12. Nxe5 Nxe5 13. f4 Nd7 14. Bxg7 Rg8 15. Bc3 Nc5 16. g4 Ne4 17. Be5 Qe7 18. g5 f6 19. gxf6 Nxf6 20. Bd3 Ne4 21. Bxe4 Qh4+ 22. Kd2 Bxe4 23. Rh2 Qg3 24. Qe2 Kd7 25. Re1 Raf8 26. Qf2 Qxf2+ 27. Rxf2 Rg6 28. h4 Rf5 29. Rh2 Rh5 30. Ree2 Ke7 31. Kc3 Rg4 32. Kb4 Rgxh4 33. Rxh4 Rxh4 34. Bb8 h5 35. Bxa7 Rh1 36. c3 h4 37. Bb8 h3 38. f5 Bxf5 39. Kc5 Kd7 40. a4 Ra1 41. Be5 Rg1 42. a5 Rg2 43. Re1 Be4 44. b4 h2 45. Rf1 Rf2 46. Rxf2 h1Q 47. Rf7+ Ke8 48. Rxb7 Qf1 49. Rb8+ Kf7 50. Rb7+ Kg6 51. Rg7+ Kh5 52. Bd4 Qb5+ 53. Kd6 Bf5 54. Rc7 Qb8 55. a6 e5 56. Bxe5 Qe8 57. Bd4 c5 58. Kxc5 Bd3 59. a7 Bc4 60. Rh7+ Kg5 61. Kb6 Bb5 62. Rc7 Ba4 63. Kb7 1-0

[Event "Frankfurt-ch"]
[Site "Frankfurt"]
[Date "2008.04.28"]
[Round "1"]
[White "Tierling, Detlef"]
[Black "Grimm, Heinz Peter"]
[Result "1-0"]
[WhiteElo "2006"]
[BlackElo "1402"]
[PlyCount "77"]
[EventDate "2008.04.28"]
[EventType "swiss"]
[EventRounds "7"]
[EventCountry "GER"]
[SourceTitle "EXT 2009"]
[Source "ChessBase"]
[SourceDate "2008.11.26"]
[SourceVersion "1"]
[SourceVersionDate "2008.11.26"]
[SourceQuality "1"]

1. f4 d5 2. e3 c5 3. b3 b6 4. Bb2 e6 5. Nf3 f6 6. Bd3 Ba6 7. c4 dxc4 8. Be4 Nd7 9. Bxa8 Qxa8 10. bxc4 Bxc4 11. d3 Bb5 12. e4 Bd6 13. Qb3 Qc6 14. Qxe6+ Kd8 15. e5 Bc7 16. Qxc6 Bxc6 17. Nbd2 Nh6 18. 0-0-0 Ng4 19. e6 Nf2 20. exd7 Nxh1 21. Rxh1 Bxf4 22. Kc2 Kxd7 23. Ne4 Re8 24. Nfd2 Ba4+ 25. Nb3 c4 26. Rf1 cxb3+ 27. axb3 Rc8+ 28. Nc3 Bxb3+ 29. Kxb3 Bxh2 30. Rh1 Be5 31. d4 Bf4 32. Nd5 Bg5 33. Rxh7 Bh6 34. Nxf6+ Ke6 35. Ng4 Kf5 36. Ne5 Kf4 37. g4 Rg8 38. Nf7 Kxg4 39. Rxh6 1-0

[Event "Frankfurt-ch"]
[Site "Frankfurt"]
[Date "2007.06.18"]
[Round "7"]
[White "Tierling, Detlef"]
[Black "Stein, Wolfgang"]
[Result "1-0"]
[WhiteElo "2042"]
[BlackElo "1954"]
[PlyCount "59"]
[EventDate "2007.04.30"]
[EventType "swiss"]
[EventRounds "7"]
[EventCountry "GER"]
[SourceTitle "EXT 2008"]
[Source "ChessBase"]
[SourceDate "2007.11.25"]
[SourceVersion "1"]
[SourceVersionDate "2007.11.25"]
[SourceQuality "1"]

1. f4 e5 2. fxe5 d6 3. exd6 Bxd6 4. Nf3 Nf6 5. g3 Bd7 6. Bg2 Nc6 7. d4 Qc8 8. Nc3 Bh3 9. 0-0 Bxg2 10. Kxg2 Qg4 11. e4 Nh5 12. e5 Be7 13. Nd5 0-0-0 14. c4 Qe6 15. Be3 Rxd5 16. cxd5 Qxd5 17. Rc1 f6 18. Qa4 Qe4 19. Rfe1 Nxe5 20. Rxc7+ Kxc7 21. Qa5+ Kb8 22. dxe5 Bb4 23. Qxa7+ Kc8 24. Rc1+ Kd7 25. a3 Be7 26. Qb6 Rd8 27. Rc7+ Ke8 28. Rxb7 Rd3 29. e6 Qxe3 30. Rb8+ 1-0

[Event "Rhein Main op 10th"]
[Site "Bad Homburg"]
[Date "2007.06.08"]
[Round "4"]
[White "Ochmann, Reimund"]
[Black "Tierling, Detlef"]
[Result "0-1"]
[WhiteElo "2162"]
[BlackElo "2042"]
[PlyCount "74"]
[EventDate "2007.06.06"]
[EventType "swiss"]
[EventRounds "7"]
[EventCountry "GER"]
[SourceTitle "EXT 2008"]
[Source "ChessBase"]
[SourceDate "2007.11.25"]
[SourceVersion "1"]
[SourceVersionDate "2007.11.25"]
[SourceQuality "1"]

1. e4 e6 2. d4 d5 3. Nc3 Bb4 4. e5 c5 5. a3 Bxc3+ 6. bxc3 Qc7 7. Nf3 Nc6 8. Be2 f6 9. exf6 Nxf6 10. 0-0 Bd7 11. Re1 0-0 12. h3 Ne4 13. Bd3 Nxc3 14. Bxh7+ Kh8 15. Qd3 cxd4 16. Ng5 Rf6 17. Bd2 Na4 18. Bg8 g6 19. Bxe6 Nc5 20. Qe2 Bxe6 21. Nxe6 Rxe6 22. Qg4 Rae8 23. Rf1 Qg7 24. Bg5 Kg8 25. f4 Re4 26. Qh4 Ne6 27. Bf6 Qh7 28. Qg3 Rf8 29. Bg5 Qh5 30. Qb3 Nxf4 31. h4 Ne2+ 32. Kh2 Nf4 33. Qxb7 Ne5 34. Rab1 Ng4+ 35. Kh1 Ne3 36. g3 Nxf1 37. Rxf1 Re1 0-1

[Event "Rhein Main op 10th"]
[Site "Bad Homburg"]
[Date "2007.06.07"]
[Round "2"]
[White "Malek, Daniel"]
[Black "Tierling, Detlef"]
[Result "1-0"]
[WhiteElo "2294"]
[BlackElo "2042"]
[PlyCount "93"]
[EventDate "2007.06.06"]
[EventType "swiss"]
[EventRounds "7"]
[EventCountry "GER"]
[SourceTitle "EXT 2008"]
[Source "ChessBase"]
[SourceDate "2007.11.25"]
[SourceVersion "1"]
[SourceVersionDate "2007.11.25"]
[SourceQuality "1"]

1. c4 Nf6 2. Nc3 c5 3. Nf3 Nc6 4. g3 d6 5. Bg2 g6 6. d4 cxd4 7. Nxd4 Bd7 8. 0-0 Bg7 9. b3 0-0 10. Bb2 Qc8 11. Rc1 Bh3 12. Nd5 Re8 13. Nxc6 bxc6 14. Nxf6+ Bxf6 15. Bxf6 Bxg2 16. Kxg2 exf6 17. Qxd6 Rxe2 18. Rfe1 Rxa2 19. Qxf6 Qf5 20. Qxf5 gxf5 21. Rc3 Rb8 22. Re7 f4 23. Rf3 fxg3 24. hxg3 Rf8 25. Rc7 Ra6 26. Rf6 Kg7 27. Rfxc6 Rxc6 28. Rxc6 Rb8 29. Rc7 Rxb3 30. Rxa7 Rc3 31. Rc7 h6 32. Kh3 Rf3 33. Kg2 Rc3 34. g4 Kg6 35. Rc5 Kg7 36. f3 f5 37. gxf5 Kf6 38. Rc8 Kxf5 39. c5 h5 40. c6 Ke6 41. Kg3 h4+ 42. Kg4 Kd6 43. Rh8 h3 44. Rxh3 Kxc6 45. f4 Rc1 46. Rd3 Rg1+ 47. Kh5 1-0

[Event "Rhein Main op 10th"]
[Site "Bad Homburg"]
[Date "2007.06.07"]
[Round "3"]
[White "Tierling, Detlef"]
[Black "Sassmannshausen, Mark"]
[Result "1-0"]
[WhiteElo "2042"]
[BlackElo "1826"]
[PlyCount "51"]
[EventDate "2007.06.06"]
[EventType "swiss"]
[EventRounds "7"]
[EventCountry "GER"]
[SourceTitle "EXT 2008"]
[Source "ChessBase"]
[SourceDate "2007.11.25"]
[SourceVersion "1"]
[SourceVersionDate "2007.11.25"]
[SourceQuality "1"]

1. e4 e5 2. Nf3 d5 3. d4 dxe4 4. Nxe5 Bd6 5. Qe2 Nf6 6. Bg5 0-0 7. Nd2 c5 8. Bxf6 gxf6 9. Nec4 Nc6 10. Nxd6 Nxd4 11. Qc4 Qxd6 12. 0-0-0 b5 13. Qc3 Bf5 14. Qe3 Qe6 15. g4 Bg6 16. h4 Qxg4 17. c3 Qe6 18. h5 Qxa2 19. hxg6 Qa1+ 20. Nb1 Nb3+ 21. Kc2 Qa4 22. Na3 Nd4+ 23. Kc1 Rfd8 24. Rxd4 Rxd4 25. cxd4 cxd4 26. Qh3 1-0

[Event "Frankfurt-ch"]
[Site "Frankfurt"]
[Date "2007.06.04"]
[Round "5"]
[White "Tierling, Detlef"]
[Black "Benninger, Rudolf"]
[Result "0-1"]
[WhiteElo "2042"]
[BlackElo "2130"]
[PlyCount "66"]
[EventDate "2007.04.30"]
[EventType "swiss"]
[EventRounds "7"]
[EventCountry "GER"]
[SourceTitle "EXT 2008"]
[Source "ChessBase"]
[SourceDate "2007.11.25"]
[SourceVersion "1"]
[SourceVersionDate "2007.11.25"]
[SourceQuality "1"]

1. b3 c5 2. Bb2 Nc6 3. e3 e5 4. c4 g6 5. Nc3 Bg7 6. Bd3 Nge7 7. Rc1 0-0 8. h4 d5 9. h5 d4 10. Ne4 f5 11. Nxc5 dxe3 12. dxe3 Qa5+ 13. Kf1 Qxc5 14. hxg6 hxg6 15. Qe1 f4 16. e4 Be6 17. a3 a5 18. Rc3 Kf7 19. Be2 Rh8 20. Nh3 Bf6 21. Rg1 g5 22. Rd3 g4 23. Rd5 Bxd5 24. exd5 gxh3 25. gxh3 Nd4 26. Bg4 Nef5 27. Qe4 Nd6 28. Qb1 Nxb3 29. Be6+ Ke7 30. Rg7+ Bxg7 31. Qg6 Qxc4+ 32. Kg1 Bf6 33. Qg4 Nd2 0-1

[Event "Frankfurt-ch"]
[Site "Frankfurt"]
[Date "2007.05.07"]
[Round "2"]
[White "Kreiling, Carsten"]
[Black "Tierling, Detlef"]
[Result "1-0"]
[WhiteElo "2140"]
[BlackElo "2042"]
[PlyCount "103"]
[EventDate "2007.04.30"]
[EventType "swiss"]
[EventRounds "7"]
[EventCountry "GER"]
[SourceTitle "EXT 2008"]
[Source "ChessBase"]
[SourceDate "2007.11.25"]
[SourceVersion "1"]
[SourceVersionDate "2007.11.25"]
[SourceQuality "1"]

1. d4 Nf6 2. c4 c5 3. e3 cxd4 4. exd4 d5 5. Nc3 e6 6. Nf3 Be7 7. Bf4 0-0 8. c5 Nc6 9. Bb5 Bd7 10. 0-0 Ne4 11. Bxc6 Bxc6 12. Qc2 f5 13. Ne5 g5 14. Nxc6 bxc6 15. Be5 Nf6 16. Qe2 Qd7 17. f3 Rf7 18. Rfe1 Re8 19. Nd1 Qb7 20. Nf2 Nd7 21. Nd3 f4 22. Rab1 Rf5 23. g4 fxg3 24. hxg3 Qa6 25. b4 Ref8 26. f4 Nxe5 27. Nxe5 Qxe2 28. Rxe2 gxf4 29. Nxc6 Bf6 30. Rxe6 fxg3 31. Ne7+ Bxe7 32. Rxe7 Rf2 33. Rb3 Rf1+ 34. Kg2 R8f2+ 35. Kxg3 Rxa2 36. Rf3 Rg1+ 37. Kf4 Rd2 38. Ke5 Re1+ 39. Kd6 Rxe7 40. Kxe7 Rxd4 41. Rg3+ Kh8 42. c6 Rxb4 43. c7 Rc4 44. Kd7 d4 45. c8Q+ Rxc8 46. Kxc8 d3 47. Rxd3 Kg7 48. Kd7 Kf6 49. Rh3 Kg6 50. Ke6 a5 51. Ke5 h6 52. Kf4 1-0

[Event "Karl Mala Memorial op 09th"]
[Site "Frankfurt"]
[Date "2005.07.30"]
[Round "5"]
[White "Boda, Attila"]
[Black "Tierling, Detlef"]
[Result "1/2-1/2"]
[WhiteElo "1761"]
[BlackElo "2044"]
[PlyCount "120"]
[EventDate "2005.07.28"]
[EventType "swiss"]
[EventRounds "7"]
[EventCountry "GER"]
[SourceTitle "EXT 2006"]
[Source "ChessBase"]
[SourceDate "2005.11.24"]
[SourceVersion "1"]
[SourceVersionDate "2005.11.24"]
[SourceQuality "1"]

1. e4 c5 2. c4 Nc6 3. Nc3 g6 4. g3 Bg7 5. Bg2 d6 6. d3 Bd7 7. Nge2 a6 8. Rb1 Rb8 9. 0-0 h5 10. h4 Qc8 11. Be3 Bg4 12. f3 Bh3 13. d4 Bxg2 14. Kxg2 cxd4 15. Nxd4 Ne5 16. Nd5 Nxc4 17. Bf2 e6 18. Rc1 exd5 19. exd5 Ne7 20. Re1 Kf8 21. Qe2 Nxd5 22. Rxc4 Qd7 23. Qc2 Kg8 24. Qe4 Nf6 25. Qe7 Qxe7 26. Rxe7 Nd5 27. Re2 Kh7 28. f4 Rhe8 29. Rd2 Re4 30. Rcc2 Bxd4 31. Bxd4 Rxd4 32. Rxd4 Ne3+ 33. Kf3 Nxc2 34. Rc4 Na3 35. bxa3 Kg7 36. Rc7 Kf6 37. a4 Ke6 38. a5 b6 39. Rc3 bxa5 40. Ra3 Rb5 41. Ra4 Kd5 42. Ke3 Kc5 43. Kd3 d5 44. Kc3 Kd6 45. Kd3 Rc5 46. Kd2 f5 47. Kd3 Kc6 48. Kd4 Kb6 49. Ra3 Rb5 50. Re3 a4 51. Re6+ Ka5 52. Rxg6 Rb2 53. Rd6 Rxa2 54. Rxd5+ Kb4 55. Ke5 a3 56. Rd4+ Kb3 57. Rd3+ Kc4 58. Rd4+ Kc3 59. Ra4 Kb3 60. Rxa6 Rg2 1/2-1/2

[Event "Karl Mala Memorial op 09th"]
[Site "Frankfurt"]
[Date "2005.07.29"]
[Round "3"]
[White "Dann, Matthias"]
[Black "Tierling, Detlef"]
[Result "1-0"]
[WhiteElo "1715"]
[BlackElo "2044"]
[PlyCount "77"]
[EventDate "2005.07.28"]
[EventType "swiss"]
[EventRounds "7"]
[EventCountry "GER"]
[SourceTitle "EXT 2006"]
[Source "ChessBase"]
[SourceDate "2005.11.24"]
[SourceVersion "1"]
[SourceVersionDate "2005.11.24"]
[SourceQuality "1"]

1. e4 c5 2. Nf3 d6 3. d4 cxd4 4. Nxd4 e6 5. Nc3 a6 6. Be3 Nf6 7. Be2 Be7 8. f4 Nbd7 9. Qd2 Qc7 10. Bf3 Rb8 11. g4 Nb6 12. b3 d5 13. e5 Bb4 14. Nde2 Nfd7 15. a3 Ba5 16. Qd3 Na8 17. Ba7 b5 18. Bxb8 Qxb8 19. b4 Bb6 20. a4 bxa4 21. Nxa4 Ba7 22. c3 0-0 23. Rf1 Bb7 24. Nd4 g5 25. Be2 gxf4 26. Qd2 Qxe5 27. Rxf4 Qd6 28. g5 Ne5 29. Nc5 Bxc5 30. bxc5 Qxc5 31. Bxa6 Bxa6 32. Rxa6 Nc7 33. Ra1 Nc4 34. Qd3 e5 35. Rh4 e4 36. Qh3 Ne5 37. Rxh7 Nd3+ 38. Kf1 f5 39. Qh6 1-0